000 00435nam a2200157Ia 4500
003 OSt
005 20230529162359.0
008 211028s2015 xx 000 0 und d
040 _cAIMIT LIBRARY
041 _aeng
100 _aVanniraja; Prabhu, Aravind.
_98612
_e131929
110 _aAravind Prabhu
_98613
245 _aOWAITS: online web application insurance and tracking system.
260 _aMangalore
_c2015
942 _2ddc
_cPRO
999 _c219975
_d219975